[Event "Icelandic Team-ch Premier 2021-22"]
[Site "Reykjavik"]
[Date "2022.03.05"]
[Round "8.10"]
[White "Stefansson, Hannes"]
[Black "Kjartansson, Gudmundur"]
[Result "1/2-1/2"]
[WhiteElo "2520"]
[BlackElo "2450"]
[Annotator "ChessBase"]
[PlyCount "117"]
[EventDate "2022.03.05"]
[EventType "team-tourn"]
[EventCountry "ISL"]
[SourceTitle "playchess.com"]
[Source "ChessBase"]
[SourceQuality "1"]
[TimeControl "5400+30"]

1. e4 {[%emt 0:00:06]} c5 {[%emt 0:00:20]} 2. Nf3 {[%emt 0:00:11]} d6 {[%emt 0:00:14]} 3. d4 {[%emt 0:00:13]} cxd4 {[%emt 0:00:03]} 4. Nxd4 {[%emt 0:00:13]} Nf6 {[%emt 0:00:05]} 5. Nc3 {[%emt 0:00:15]} a6 {[%emt 0:00:06]} 6. Be2 {[%emt 0:00:30]} e5 {[%emt 0:00:29]} 7. Nb3 {[%emt 0:00:17]} Be7 {[%emt 0:00:41]} 8. O-O {[%emt 0:00:51]} O-O {[%emt 0:00:08]} 9. Re1 {[%emt 0:00:57]} Be6 {[%emt 0:05:09]} 10. Bf3 {[%emt 0:00:29]} Nbd7 {[%emt 0:02:58]} 11. a4 {[%emt 0:00:40]} Qc7 {[%emt 0:19:46]} 12. Nd2 {[%emt 0:02:29]} Rab8 {[%emt 0:11:14]} 13. a5 {[%emt 0:04:49]} b5 {[%emt 0:03:35]} 14. axb6 {[%emt 0:00:20]} Nxb6 {[%emt 0:00:43]} 15. Rxa6 {[%emt 0:07:53]} d5 {[%emt 0:04:36]} 16. exd5 {[%emt 0:02:14]} Nbxd5 {[%emt 0:03:55]} 17. Nxd5 {[%emt 0:00:59]} Nxd5 {[%emt 0:00:37]} 18. Be4 {[%emt 0:17:11]} Nf6 {[%emt 0:08:30]} 19. Bd3 {[%emt 0:04:23]} Bg4 {[%emt 0:01:12]} 20. Be2 {[%emt 0:03:41]} Bxe2 {[%emt 0:07:27]} 21. Rxe2 {[%emt 0:01:07]} Rfd8 {[%emt 0:00:26]} 22. c3 {[%emt 0:02:23]} e4 {[%emt 0:04:59]} 23. h3 {[%emt 0:13:10]} Nd7 {[%emt 0:07:20]} 24. Qa4 {[%emt 0:07:45]} Nc5 {[%emt 0:01:23]} 25. Ra7 {[%emt 0:00:09]} Rb7 {[%emt 0:05:42]} 26. Rxb7 {[%emt 0:00:06]} Qxb7 {[%emt 0:00:04]} 27. Qc2 {[%emt 0:01:31]} f5 {[%emt 0:00:27]} 28. Nf1 {[%emt 0:02:25]} Nd3 {[%emt 0:00:29]} 29. Be3 {[%emt 0:01:50]} Bf6 {[%emt 0:03:10]} 30. Qa4 {[%emt 0:03:24]} f4 {[%emt 0:01:54]} 31. Bd4 {[%emt 0:00:35]} Bxd4 {[%emt 0:00:57]} 32. cxd4 {[%emt 0:00:25]} Qd5 {[%emt 0:01:54]} 33. Nd2 {[%emt 0:01:58]} Qxd4 {[%emt 0:04:43]} 34. Qxd4 {[%emt 0:00:11]} Rxd4 {[%emt 0:00:02]} 35. Nxe4 {[%emt 0:00:41]} Rb4 {[%emt 0:01:29]} 36. Ng5 {[%emt 0:00:56]} Rb8 {[%emt 0:00:28]} 37. Rd2 {[%emt 0:03:15]} Nxb2 {[%emt 0:01:12]} 38. Rd7 {[%emt 0:00:36]} Re8 {[%emt 0:00:23]} 39. h4 {[%emt 0:03:13]} h6 {[%emt 0:00:37]} 40. Nf3 {[%emt 0:02:15]} Nc4 {[%emt 0:00:28]} 41. Rd5 {[%emt 0:01:40]} Re6 {[%emt 0:00:33]} 42. h5 {[%emt 0:00:27]} Nd6 {[%emt 0:00:17]} 43. Nh4 {[%emt 0:02:09]} Nf7 {[%emt 0:00:43]} 44. Ng6 {[%emt 0:01:35]} f3 {[%emt 0:00:19]} 45. gxf3 {[%emt 0:00:25]} Nd6 {[%emt 0:00:40]} 46. Ra5 {[%emt 0:01:48]} Kf7 {[%emt 0:00:16]} 47. f4 {[%emt 0:00:45]} Kf6 {[%emt 0:00:29]} 48. Kg2 {[%emt 0:01:18]} Nf7 {[%emt 0:00:44]} 49. Ra8 {[%emt 0:00:30]} Rd6 {[%emt 0:00:24]} 50. Rf8 {[%emt 0:00:44]} Rd8 {[%emt 0:00:22]} 51. Rxd8 {[%emt 0:01:33]} Nxd8 {[%emt 0:00:00]} 52. Nh4 {[%emt 0:02:31]} Nb7 {[%emt 0:00:59]} 53. Kf3 {[%emt 0:01:10]} Nd6 {[%emt 0:00:06]} 54. Ng6 {[%emt 0:00:19]} Kf5 {[%emt 0:00:31]} 55. Ne5 {[%emt 0:00:52]} Ne8 {[%emt 0:00:38]} 56. Ng4 {[%emt 0:00:47]} Nd6 {[%emt 0:00:58]} 57. Ne3+ {[%emt 0:00:27]} Ke6 {[%emt 0:00:15]} 58. Kg4 {[%emt 0:00:30]} Ne4 {[%emt 0:00:22]} 59. f3 {[%emt 0:01:30]} 1/2-1/2

[Event "Icelandic Team-ch Premier 2021-22"]
[Site "Reykjavik"]
[Date "2022.03.05"]
[Round "8.11"]
[White "Gretarsson, Helgi Ass"]
[Black "Nagy, Gabor"]
[Result "0-1"]
[WhiteElo "2467"]
[BlackElo "2530"]
[Annotator "ChessBase"]
[PlyCount "78"]
[EventDate "2022.03.05"]
[EventType "team-tourn"]
[EventCountry "ISL"]
[SourceTitle "playchess.com"]
[Source "ChessBase"]
[SourceQuality "1"]
[TimeControl "5400+30"]

1. d4 {[%emt 0:00:03]} Nf6 {[%emt 0:00:13]} 2. c4 {[%emt 0:00:04]} e6 {[%emt 0:00:22]} 3. Nc3 {[%emt 0:00:09]} d5 {[%emt 0:00:13]} 4. cxd5 {[%emt 0:01:04]} exd5 {[%emt 0:00:11]} 5. Bg5 {[%emt 0:00:03]} Be7 {[%emt 0:01:56]} 6. e3 {[%emt 0:00:29]} O-O {[%emt 0:01:15]} 7. Bd3 {[%emt 0:00:33]} h6 {[%emt 0:00:26]} 8. Bh4 {[%emt 0:06:14]} Re8 {[%emt 0:01:50]} 9. Nge2 {[%emt 0:04:58]} b6 {[%emt 0:02:33]} 10. O-O {[%emt 0:04:26]} Bb7 {[%emt 0:00:16]} 11. Rb1 {[%emt 0:11:02]} a5 {[%emt 0:05:29]} 12. Qc2 {[%emt 0:02:36]} Nbd7 {[%emt 0:01:47]} 13. f3 {[%emt 0:03:56]} Rc8 {[%emt 0:05:08]} 14. Kh1 {[%emt 0:03:52]} Nf8 {[%emt 0:05:30]} 15. Rbd1 {[%emt 0:02:33]} N6d7 {[%emt 0:03:08]} 16. Bf2 {[%emt 0:00:10]} c6 {[%emt 0:03:31]} 17. e4 {[%emt 0:01:44]} b5 {[%emt 0:00:15]} 18. e5 {[%emt 0:05:59]} b4 {[%emt 0:00:55]} 19. Na4 {[%emt 0:00:21]} Ne6 {[%emt 0:02:44]} 20. f4 {[%emt 0:00:43]} c5 {[%emt 0:03:13]} 21. Bb5 {[%emt 0:00:16]} cxd4 {[%emt 0:01:50]} 22. Qd3 {[%emt 0:10:50]} Ndc5 {[%emt 0:01:26]} 23. Nxc5 {[%emt 0:00:07]} Nxc5 {[%emt 0:00:11]} 24. Qf3 {[%emt 0:02:58]} d3 {[%emt 0:03:14]} 25. Ng3 {[%emt 0:00:18]} d4 {[%emt 0:05:13]} 26. Qg4 {[%emt 0:00:09]} Bf8 {[%emt 0:03:05]} 27. Bxe8 {[%emt 0:01:15]} Qxe8 {[%emt 0:03:00]} 28. f5 {[%emt 0:24:00]} Nd7 {[%emt 0:03:01]} 29. Nh5 {[%emt 0:02:32]} Qxe5 {[%emt 0:02:27]} 30. Rfe1 {[%emt 0:10:00]} Qd6 {[%emt 0:01:22]} 31. Rd2 {[%emt 0:01:58]} Rc2 {[%emt 0:01:12]} 32. Re8 {[%emt 0:00:37]} Kh7 {[%emt 0:01:08]} 33. Be1 {[%emt 0:00:30]} Rc1 {[%emt 0:01:40]} 34. h3 {[%emt 0:00:27]} Ne5 {[%emt 0:01:51]} 35. Qh4 {[%emt 0:00:19]} Bc6 {[%emt 0:01:11]} 36. Rc8 {[%emt 0:00:21]} Be7 {[%emt 0:03:39]} 37. Qg3 {[%emt 0:00:05]} Bg5 {[%emt 0:00:04]} 38. h4 {[%emt 0:01:17]} Nf3 {[%emt 0:00:21]} 39. gxf3 {[%emt 0:00:29]} Qxg3 {[%emt 0:00:09]} 0-1

[Event "Icelandic Team-ch Premier 2021-22"]
[Site "Reykjavik"]
[Date "2022.03.05"]
[Round "8.12"]
[White "Pantzar, Milton"]
[Black "Petursson, Margeir"]
[Result "0-1"]
[WhiteElo "2422"]
[BlackElo "2447"]
[Annotator "NA"]
[PlyCount "78"]
[EventDate "2022.03.05"]
[EventType "team-tourn"]
[EventCountry "ISL"]
[SourceTitle "playchess.com"]
[Source "ChessBase"]
[SourceQuality "1"]
[TimeControl "5400+30"]

1. d4 {[%emt 0:00:03]} Nf6 {[%emt 0:00:05]} 2. c4 {[%emt 0:00:09]} e6 {[%emt 0:00:06]} 3. Nf3 {[%emt 0:00:07]} Bb4+ {[%emt 0:00:43]} 4. Nbd2 {[%emt 0:00:09]} b6 {[%emt 0:01:06]} 5. a3 {[%emt 0:00:21]} Bxd2+ {[%emt 0:00:08]} 6. Qxd2 {[%emt 0:00:06]} Bb7 {[%emt 0:00:08]} 7. e3 {[%emt 0:00:23]} a5 {[%emt 0:00:09]} 8. b3 {[%emt 0:00:36]} d6 {[%emt 0:00:44]} 9. Be2 {[%emt 0:02:18]} Nbd7 {[%emt 0:00:24]} 10. O-O {[%emt 0:00:48]} O-O {[%emt 0:00:05]} 11. Bb2 {[%emt 0:00:54]} Qe7 {[%emt 0:00:40]} 12. Qc2 {[%emt 0:01:35]} Rfd8 {[%emt 0:05:13]} 13. Nd2 {[%emt 0:04:05]} c5 {[%emt 0:00:49]} 14. a4 {[%emt 0:10:20]} Rac8 {[%emt 0:02:25]} 15. Bd3 {[%emt 0:06:44]} h6 {[%emt 0:01:12]} 16. Rfd1 {[%emt 0:01:16]} cxd4 {[%emt 0:04:20]} 17. exd4 {[%emt 0:00:28]} Nd5 {[%emt 0:01:15]} 18. Ba3 {[%emt 0:17:53]} Nf4 {[%emt 0:11:20]} 19. Bh7+ {[%emt 0:02:55]} Kh8 {[%emt 0:01:57]} 20. Be4 {[%emt 0:00:09]} Nf6 {[%emt 0:06:25]} 21. Bf3 {[%emt 0:02:27]} Qc7 {[%emt 0:05:39]} 22. Qc3 {[%emt 0:09:51]} N6d5 {[%emt 0:07:26]} 23. Qb2 {[%emt 0:00:28]} Ne7 {[%emt 0:01:35]} 24. d5 {[%emt 0:11:24]} exd5 {[%emt 0:02:38]} 25. Qd4 {[%emt 0:00:29]} Ne6 {[%emt 0:06:48]} 26. Qg4 {[%emt 0:00:46]} d4 {[%emt 0:02:18]} 27. Bb2 {[%emt 0:02:05]} d5 {[%emt 0:01:31]} 28. Rac1 {[%emt 0:03:53]} Qb8 {[%emt 0:07:18]} 29. Re1 {[%emt 0:05:08]} dxc4 {[%emt 0:03:23]} 30. Nxc4 {[%emt 0:05:45]} Rc5 {[%emt 0:01:33]} 31. Bxb7 {[%emt 0:04:31]} Qxb7 {[%emt 0:02:33]} 32. Ne5 {[%emt 0:00:18]} Nd5 {[%emt 0:03:01]} 33. Nxf7+ {[%emt 0:06:19]} Qxf7 {[%emt 0:00:09]} 34. Qxe6 {[%emt 0:01:24]} Qxe6 {[%emt 0:01:08]} 35. Rxe6 {[%emt 0:00:02]} Nf4 {[%emt 0:00:55]} 36. Rxc5 {[%emt 0:01:35]} bxc5 {[%emt 0:01:20]} 37. Re1 {[%emt 0:00:30]} Rb8 {[%emt 0:01:14]} 38. Ba3 {[%emt 0:00:16]} Rxb3 {[%emt 0:00:52]} 39. Bxc5 {[%emt 0:00:05]} Nd3 {[%emt 0:00:14]} 0-1

[Event "Icelandic Team-ch Premier 2021-22"]
[Site "Reykjavik"]
[Date "2022.03.05"]
[Round "8.13"]
[White "Thorhallsson, Throstur"]
[Black "Brynell, Stellan"]
[Result "1-0"]
[WhiteElo "2414"]
[BlackElo "2405"]
[Annotator "NA"]
[PlyCount "119"]
[EventDate "2022.03.05"]
[EventType "team-tourn"]
[EventCountry "ISL"]
[SourceTitle "playchess.com"]
[Source "ChessBase"]
[SourceQuality "1"]
[TimeControl "5400+30"]

1. e4 {[%emt 0:00:04]} e6 {[%emt 0:00:10]} 2. d4 {[%emt 0:00:31]} d5 {[%emt 0:00:05]} 3. Nc3 {[%emt 0:00:06]} Bb4 {[%emt 0:00:06]} 4. exd5 {[%emt 0:04:09]} exd5 {[%emt 0:00:19]} 5. Bd3 {[%emt 0:00:20]} Nf6 {[%emt 0:01:06]} 6. Nge2 {[%emt 0:02:36]} O-O {[%emt 0:10:04]} 7. a3 {[%emt 0:07:29]} Bd6 {[%emt 0:04:20]} 8. Nb5 {[%emt 0:07:01]} Be7 {[%emt 0:05:14]} 9. Bf4 {[%emt 0:01:53]} Na6 {[%emt 0:00:27]} 10. O-O {[%emt 0:04:47]} c6 {[%emt 0:07:41]} 11. Nbc3 {[%emt 0:00:13]} Nc7 {[%emt 0:00:12]} 12. h3 {[%emt 0:03:03]} Nce8 {[%emt 0:09:54]} 13. Ng3 {[%emt 0:04:17]} Nd6 {[%emt 0:00:52]} 14. Qf3 {[%emt 0:05:13]} Be6 {[%emt 0:02:09]} 15. Rfe1 {[%emt 0:02:32]} Re8 {[%emt 0:11:15]} 16. Re2 {[%emt 0:11:55]} Qd7 {[%emt 0:08:47]} 17. Rae1 {[%emt 0:02:02]} b5 $14 {[%emt 0:03:45]} 18. Bg5 {[%emt 0:07:42]} h6 {[%emt 0:03:18]} 19. Bc1 {[%emt 0:02:05]} Nh7 {[%emt 0:03:11]} 20. Nh5 {[%emt 0:05:51]} Kh8 {[%emt 0:09:26]} 21. Qg3 {[%emt 0:05:07]} Rg8 {[%emt 0:14:22]} 22. Bxh6 {[%emt 0:05:05]} Ne8 {[%emt 0:02:10]} 23. Bd2 {[%emt 0:01:48]} g6 {[%emt 0:01:34]} 24. Nf4 {[%emt 0:01:24]} Bd6 {[%emt 0:00:28]} 25. Qh4 {[%emt 0:04:23]} Bf5 {[%emt 0:00:26]} 26. Bxf5 {[%emt 0:02:05]} Qxf5 {[%emt 0:00:25]} 27. Nd3 {[%emt 0:00:26]} g5 {[%emt 0:01:23]} 28. Qg4 {[%emt 0:02:07]} Qxg4 {[%emt 0:00:34]} 29. hxg4 {[%emt 0:00:05]} Nhf6 {[%emt 0:00:35]} 30. Ne5 {[%emt 0:01:42]} Bxe5 {[%emt 0:00:23]} 31. Rxe5 {[%emt 0:00:24]} Nd6 {[%emt 0:00:33]} 32. f3 {[%emt 0:02:46]} Nc4 {[%emt 0:00:40]} 33. Rf5 {[%emt 0:00:58]} Rg6 {[%emt 0:00:32]} 34. Bxg5 {[%emt 0:00:39]} Ne8 {[%emt 0:00:24]} 35. Bc1 {[%emt 0:01:19]} Ned6 {[%emt 0:00:02]} 36. Rh5+ {[%emt 0:00:12]} Kg7 {[%emt 0:00:02]} 37. Kf2 {[%emt 0:00:28]} a5 {[%emt 0:00:11]} 38. b3 {[%emt 0:00:28]} Nxa3 {[%emt 0:01:08]} 39. Bxa3 {[%emt 0:01:37]} b4 {[%emt 0:00:01]} 40. Bc1 {[%emt 0:00:43]} bxc3 {[%emt 0:00:05]} 41. Bf4 {[%emt 0:00:20]} Nb5 {[%emt 0:01:51]} 42. Reh1 {[%emt 0:00:37]} Kf6 {[%emt 0:00:38]} 43. Rf5+ {[%emt 0:00:44]} Ke7 {[%emt 0:00:38]} 44. Rh7 {[%emt 0:00:16]} Rf8 {[%emt 0:00:23]} 45. Ke3 {[%emt 0:01:07]} Re6+ {[%emt 0:00:02]} 46. Kd3 {[%emt 0:00:13]} Re1 {[%emt 0:00:29]} 47. Bh6 {[%emt 0:00:19]} Rd1+ {[%emt 0:00:43]} 48. Ke3 {[%emt 0:01:16]} Re8 {[%emt 0:00:25]} 49. Rfxf7+ {[%emt 0:01:16]} Kd6+ {[%emt 0:00:06]} 50. Kf2 {[%emt 0:00:08]} Nxd4 {[%emt 0:00:24]} 51. Ra7 {[%emt 0:01:21]} Nxc2 {[%emt 0:01:05]} 52. Rxa5 {[%emt 0:00:09]} Nd4 {[%emt 0:00:52]} 53. Bf4+ {[%emt 0:00:16]} Ke6 {[%emt 0:00:02]} 54. Rh6+ {[%emt 0:00:16]} Kf7 {[%emt 0:00:26]} 55. Ra7+ {[%emt 0:00:05]} Kg8 {[%emt 0:00:24]} 56. Rg6+ {[%emt 0:00:21]} Kh8 {[%emt 0:00:07]} 57. Bg5 {[%emt 0:01:04]} Rf8 {[%emt 0:01:26]} 58. Bf6+ {[%emt 0:00:34]} Rxf6 {[%emt 0:00:02]} 59. Rxf6 {[%emt 0:00:04]} Kg8 {[%emt 0:00:50]} 60. Rd6 {[%emt 0:00:21]} 1-0

[Event "Icelandic Team-ch Premier 2021-22"]
[Site "Reykjavik"]
[Date "2022.03.05"]
[Round "8.14"]
[White "Petersson, Baldur Teodor"]
[Black "Jacobsen, Mikkel Manosri"]
[Result "0-1"]
[WhiteElo "2242"]
[BlackElo "2240"]
[Annotator "NA"]
[PlyCount "88"]
[EventDate "2022.03.05"]
[EventType "team-tourn"]
[EventCountry "ISL"]
[SourceTitle "playchess.com"]
[Source "ChessBase"]
[SourceQuality "1"]
[TimeControl "5400+30"]

1. e4 {[%emt 0:00:06]} c6 {[%emt 0:00:41]} 2. d4 {[%emt 0:00:31]} d5 {[%emt 0:00:00]} 3. e5 {[%emt 0:00:07]} Bf5 {[%emt 0:00:16]} 4. h4 {[%emt 0:00:08]} h5 {[%emt 0:00:09]} 5. Bd3 {[%emt 0:00:35]} Bxd3 {[%emt 0:00:14]} 6. Qxd3 {[%emt 0:00:07]} Qa5+ {[%emt 0:00:06]} 7. Nd2 {[%emt 0:00:10]} e6 {[%emt 0:00:04]} 8. Ngf3 {[%emt 0:00:24]} Nh6 {[%emt 0:00:08]} 9. O-O {[%emt 0:00:36]} Nf5 {[%emt 0:01:09]} 10. c4 {[%emt 0:00:48]} Be7 {[%emt 0:00:06]} 11. g3 {[%emt 0:00:50]} O-O {[%emt 0:00:10]} 12. b3 {[%emt 0:01:03]} Rd8 {[%emt 0:01:43]} 13. Bb2 {[%emt 0:02:05]} c5 {[%emt 0:02:54]} 14. cxd5 {[%emt 0:00:45]} Rxd5 {[%emt 0:00:43]} 15. Nc4 {[%emt 0:00:42]} Qd8 {[%emt 0:12:00]} 16. Ne3 {[%emt 0:09:06]} Nxe3 {[%emt 0:00:33]} 17. Qxe3 {[%emt 0:00:54]} cxd4 {[%emt 0:03:40]} 18. Bxd4 {[%emt 0:01:39]} Nc6 {[%emt 0:00:14]} 19. Bb2 {[%emt 0:14:06]} Qa5 {[%emt 0:06:19]} 20. a3 {[%emt 0:12:34]} Rad8 {[%emt 0:00:58]} 21. b4 {[%emt 0:02:33]} Qa4 {[%emt 0:01:05]} 22. Qe4 {[%emt 0:01:49]} a5 {[%emt 0:06:57]} 23. Bc1 {[%emt 0:01:39]} g6 {[%emt 0:08:45]} 24. Bg5 {[%emt 0:07:17]} Bxg5 {[%emt 0:01:05]} 25. Nxg5 {[%emt 0:01:26]} Rxe5 {[%emt 0:07:38]} 26. Qf4 {[%emt 0:03:42]} Rf5 {[%emt 0:01:35]} 27. Qc7 {[%emt 0:00:50]} Qb5 {[%emt 0:15:29]} 28. bxa5 {[%emt 0:06:03]} Qe2 {[%emt 0:08:54]} 29. Rae1 {[%emt 0:03:49]} Qd3 {[%emt 0:00:57]} 30. Qxb7 {[%emt 0:05:24]} Nxa5 {[%emt 0:00:43]} 31. Qb4 {[%emt 0:02:05]} Nc4 {[%emt 0:00:56]} 32. Ne4 {[%emt 0:09:56]} Rd4 {[%emt 0:03:15]} 33. Qb8+ {[%emt 0:01:56]} Kg7 {[%emt 0:01:21]} 34. Qb7 {[%emt 0:00:07]} Qf3 {[%emt 0:04:15]} 35. a4 {[%emt 0:04:54]} g5 {[%emt 0:01:52]} 36. hxg5 {[%emt 0:02:20]} h4 {[%emt 0:00:55]} 37. Nc5 {[%emt 0:02:02]} Qxb7 {[%emt 0:01:26]} 38. Nxb7 {[%emt 0:00:02]} Nd2 {[%emt 0:00:30]} 39. a5 {[%emt 0:02:43]} Nxf1 {[%emt 0:02:52]} 40. Ra1 {[%emt 0:01:14]} hxg3 {[%emt 0:00:18]} 41. fxg3 {[%emt 0:00:50]} Nxg3 {[%emt 0:01:19]} 42. a6 {[%emt 0:00:31]} Ne2+ {[%emt 0:00:25]} 43. Kg2 {[%emt 0:00:13]} Rg4+ {[%emt 0:00:07]} 44. Kh3 {[%emt 0:00:15]} Rg3+ {[%emt 0:00:06]} 0-1

[Event "Icelandic Team-ch Premier 2021-22"]
[Site "Reykjavik"]
[Date "2022.03.05"]
[Round "8.15"]
[White "Johannesson, Ingvar Thor"]
[Black "Edvardsson, Kristjan"]
[Result "1-0"]
[WhiteElo "2315"]
[BlackElo "2223"]
[Annotator "NA"]
[PlyCount "64"]
[EventDate "2022.03.05"]
[EventType "team-tourn"]
[EventCountry "ISL"]
[SourceTitle "playchess.com"]
[Source "ChessBase"]
[SourceQuality "1"]
[TimeControl "5400+30"]

1. d4 {[%emt 0:00:03]} Nf6 {[%emt 0:00:46]} 2. c4 {[%emt 0:00:20]} c5 {[%emt 0:00:50]} 3. d5 {[%emt 0:00:10]} b5 {[%emt 0:00:12]} 4. cxb5 {[%emt 0:00:08]} a6 {[%emt 0:00:06]} 5. f3 {[%emt 0:05:43]} c4 {[%emt 0:07:12]} 6. e4 {[%emt 0:03:11]} e6 {[%emt 0:03:56]} 7. Bxc4 {[%emt 0:19:24]} axb5 {[%emt 0:01:50]} 8. Bxb5 {[%emt 0:05:10]} Bc5 {[%emt 0:00:25]} 9. Nc3 {[%emt 0:03:10]} Qb6 {[%emt 0:00:57]} 10. Nh3 {[%emt 0:06:29]} O-O {[%emt 0:01:22]} 11. Bg5 {[%emt 0:08:08]} exd5 {[%emt 0:07:27]} 12. Bxf6 {[%emt 0:07:15]} Qxf6 {[%emt 0:11:02]} 13. Qxd5 {[%emt 0:05:45]} d6 {[%emt 0:04:28]} 14. Qxa8 {[%emt 0:14:06]} Bxh3 {[%emt 0:12:06]} 15. gxh3 {[%emt 0:02:02]} Qh4+ {[%emt 0:08:11]} 16. Kd1 {[%emt 0:01:19]} Qf2 {[%emt 0:01:03]} 17. Be2 {[%emt 0:04:45]} Nd7 {[%emt 0:03:17]} 18. Qd5 {[%emt 0:01:08]} Rb8 {[%emt 0:00:40]} 19. Rf1 {[%emt 0:03:32]} Qxh2 {[%emt 0:01:28]} 20. Kc2 {[%emt 0:02:12]} Ne5 {[%emt 0:02:18]} 21. f4 {[%emt 0:01:15]} Ng6 {[%emt 0:00:18]} 22. Qd2 {[%emt 0:00:30]} Qxh3 {[%emt 0:01:19]} 23. Rad1 {[%emt 0:01:03]} Qg3 {[%emt 0:00:46]} 24. Bc4 {[%emt 0:01:18]} Be3 {[%emt 0:01:05]} 25. Qxd6 {[%emt 0:01:05]} Qg2+ {[%emt 0:01:37]} 26. Be2 {[%emt 0:02:19]} Rc8 {[%emt 0:00:15]} 27. Qd3 {[%emt 0:00:11]} Bb6 {[%emt 0:03:12]} 28. Qf3 {[%emt 0:00:34]} Nxf4 {[%emt 0:02:14]} 29. Qxf4 {[%emt 0:01:14]} Qxe2+ {[%emt 0:00:08]} 30. Kb1 {[%emt 0:00:09]} Qc4 {[%emt 0:00:08]} 31. Nd5 {[%emt 0:01:02]} Qc2+ {[%emt 0:01:31]} 32. Ka1 {[%emt 0:00:02]} Rf8 {[%emt 0:00:19]} 1-0

[Event "Icelandic Team-ch Premier 2021-22"]
[Site "Reykjavik"]
[Date "2022.03.05"]
[Round "8.16"]
[White "Crevatin, Leo"]
[Black "Birkisson, Bardur Orn"]
[Result "1-0"]
[WhiteElo "2267"]
[BlackElo "2160"]
[Annotator "NA"]
[PlyCount "55"]
[EventDate "2022.03.05"]
[EventType "team-tourn"]
[EventCountry "ISL"]
[SourceTitle "playchess.com"]
[Source "ChessBase"]
[SourceQuality "1"]
[TimeControl "5400+30"]

1. d4 {[%emt 0:00:04]} d5 {[%emt 0:00:11]} 2. c4 {[%emt 0:00:06]} c6 {[%emt 0:00:19]} 3. Nf3 {[%emt 0:00:05]} Nf6 {[%emt 0:00:18]} 4. e3 {[%emt 0:00:06]} Bf5 {[%emt 0:01:38]} 5. Nc3 {[%emt 0:00:07]} a6 {[%emt 0:02:23]} 6. Ne5 {[%emt 0:00:19]} e6 {[%emt 0:03:56]} 7. g4 {[%emt 0:06:13]} Bg6 {[%emt 0:06:07]} 8. h4 {[%emt 0:00:51]} dxc4 {[%emt 0:01:57]} 9. h5 {[%emt 0:12:00]} Bd3 {[%emt 0:04:40]} 10. Bxd3 {[%emt 0:02:01]} cxd3 {[%emt 0:00:35]} 11. g5 {[%emt 0:07:19]} Nfd7 {[%emt 0:03:39]} 12. Nf3 {[%emt 0:01:18]} c5 {[%emt 0:13:58]} 13. Qxd3 {[%emt 0:00:26]} Nc6 {[%emt 0:08:23]} 14. Bd2 {[%emt 0:02:42]} cxd4 {[%emt 0:10:12]} 15. exd4 {[%emt 0:00:32]} Nde5 {[%emt 0:02:21]} 16. Nxe5 {[%emt 0:01:55]} Nxe5 {[%emt 0:00:23]} 17. Qe2 {[%emt 0:11:27]} Qxd4 {[%emt 0:03:17]} 18. O-O-O {[%emt 0:00:58]} Nd3+ {[%emt 0:09:05]} 19. Kb1 {[%emt 0:00:33]} O-O-O {[%emt 0:00:34]} 20. Be3 {[%emt 0:02:51]} Qc4 {[%emt 0:01:28]} 21. Bb6 {[%emt 0:05:33]} Rd7 {[%emt 0:02:01]} 22. Rh3 {[%emt 0:02:47]} Qc6 {[%emt 0:09:46]} 23. Rhxd3 {[%emt 0:02:29]} Rxd3 {[%emt 0:00:56]} 24. Qxd3 {[%emt 0:00:04]} Qxb6 {[%emt 0:00:08]} 25. Qd7+ {[%emt 0:00:04]} Kb8 {[%emt 0:00:07]} 26. Qe8+ {[%emt 0:03:33]} Ka7 {[%emt 0:00:11]} 27. Rd8 {[%emt 0:02:39]} Qc7 {[%emt 0:02:51]} 28. Na4 {[%emt 0:01:44]} 1-0

[Event "Icelandic Team-ch Premier 2021-22"]
[Site "Reykjavik"]
[Date "2022.03.05"]
[Round "8.17"]
[White "Thybo, Jesper Sondergaard"]
[Black "Stefansson, Vignir Vatnar"]
[Result "1/2-1/2"]
[WhiteElo "2592"]
[BlackElo "2484"]
[Annotator "TA"]
[PlyCount "83"]
[EventDate "2022.03.05"]
[EventType "team-tourn"]
[EventCountry "ISL"]
[SourceTitle "playchess.com"]
[Source "ChessBase"]
[SourceQuality "1"]

{[%evp 14,83,0,0,0,-16,-7,-31,24,-2,0,0,31,23,27,19,10,21,8,23,19,13,6,6,14,14,17,22,12,0,0,0,0,0,0,0,0,0,0,-10,0,-16,0,-18,-8,-8,0,0,21,0,35,33,35,30,31,0,37,0,0,0,0,0,0,0,0,0,0,0,0,0,0,0]} 1. d4 e6 2. c4 Nf6 3. Nf3 d5 4. g3 dxc4 5. Bg2 c5 6. O-O Nc6 7. Na3 {[%cal Bb1a3,Ba3c4,Bc4e5][%mdl 32] 7.dxc5 is setting a new trend.} cxd4 8. Nxc4 Bc5 {E04: Open Catalan: 5 Nf3.} 9. Bf4 O-O 10. Rc1 Qe7 {[#]} (10... Nd5 $1 $15) 11. Nce5 $146 (11. a3 $5 {[%cal Rb2b4]}) ({Predecessor:} 11. a3 Nd5 12. b4 Nxf4 13. gxf4 Bb6 14. Qa4 Qd8 15. Rfd1 Bd7 16. b5 Ne7 17. Nxd4 Bxd4 18. Rxd4 Bxb5 {½-½ (51) Gutman,L (2495)-Muehlenhaus,S (2193) Bad Zwischenahn 2003}) 11... Bd7 12. Qb3 b6 13. Nxd7 Nxd7 14. Ng5 Rac8 15. Qc2 {[%csl Gg5][%cal Rc2h7] [#]} Nf6 16. Bxc6 Rxc6 17. b4 {Nf3 is the strong threat.} e5 {[%cal Of8c8] Threatens to win with ...Rfc8!} 18. Bd2 $1 h6 {[%cal Of8c8] Strongly threatening ...Rfc8!} 19. Ne4 {[%mdl 64] [#] Pin} d3 $1 20. Qxd3 Rd8 21. Qf3 Nxe4 22. Qxe4 Rcd6 23. Be1 Rd4 24. Qb1 Bd6 ({Don't play} 24... Bxb4 25. e3 Rg4 26. h3 Bxe1 27. hxg4 $16) 25. e3 Rd5 26. Qe4 Bb8 27. Bc3 Qe6 28. Rc2 f5 29. Qc4 Rc8 30. Qe2 e4 31. Rfc1 Be5 32. Bxe5 Rxc2 33. Qxc2 Qxe5 $14 {[%mdl 4096] Endgame KQR-KQR} 34. h4 Qd6 35. a3 (35. Qb3 {looks sharper.} Kh7 36. Rc8 Rd1+ 37. Kg2 Qd5 38. Qxd5 Rxd5 39. h5) 35... Kh7 {The position is equal.} 36. Kg2 Rd2 37. Qc7 Rxf2+ 38. Kxf2 Qd2+ 39. Kf1 Qd3+ 40. Kf2 Qd2+ 41. Kf1 Qd3+ 42. Kf2 {Weighted Error Value: White=0.06 (flawless) /Black=0.09 (flawless)} 1/2-1/2